Hugo Ekitike Goals - Statistics

General Stats
  • This quiz has been taken 9 times
    3 since last reset
  • The average score is 4 of 11
Answer Stats
Goals Current League Team % Correct
3 Premier League Newcastle
100%
1 League One Barnsley
50%
1 Premier League Bournemouth
50%
1 Premier League Everton
50%
1 Bundesliga Frankfurt
50%
1 Azerbaijan Premier League Qarabag
50%
1 Championship Southampton
50%
2 Premier League Brighton
0%
1 Premier League Crystal Palace
0%
2 Premier League Leeds
0%
1 Premier League Tottenham
0%
No matching quizzes found
Score Distribution
Percent of People with Each Score
Percentile by Number Answered
Your Score History
You have not taken this quiz since the last reset